Fortran programming: a serial approach

Gespeichert in:
Bibliographische Detailangaben
Hauptverfasser: Kreitzberg, Charles B (VerfasserIn), Shneiderman, Ben (VerfasserIn)
Format: Buch
Sprache:Englisch
Veröffentlicht: Nueva York Harcourt Brace Jovanovich 1975
Schlagworte:
Tags: Tag hinzufügen
Keine Tags, Fügen Sie den ersten Tag hinzu!

MARC

LEADER 00000nam a2200000 a 4500
001 UCR6305
003 CL-VaPUC
008 980423e19750000US |||||||||||||||||eng|d
082 0 4 |a 005.133  |b KRE  |2 21 
100 0 |a Kreitzberg, Charles B  |e author  |9 407435 
700 0 |a Shneiderman, Ben  |e author  |9 407436 
245 1 0 |a Fortran programming: a serial approach 
300 |a 437 p 
942 |c BK 
945 |d 19980423 00:00:00  |a crobeson 
260 |a Nueva York  |b Harcourt Brace Jovanovich  |c 1975 
650 0 |a Lenguajes de programación   |9 259458 
650 0 |a Programación   |9 259316 
650 7 |a FORTRAN  |2 CL-VaPUC  |9 260109 
583 |a last modification  |c 19980423 00:00:00  |k Rodrigo Vera 
999 |c 268513  |d 268511 
952 |0 0  |1 0  |4 0  |6 005_133000000000000_KRE_1975  |7 0  |8 A  |9 301698  |a BIBALI  |b BIBALI  |c GEN  |d 2019-11-20  |i 1988964  |o 005.133 KRE 1975  |p 1988964  |r 2025-01-20  |w 2019-11-20  |y BK  |k ALI